|
|
|
แสดงรายละเอียดบรรณานุกรม |
|
|
Brief Record
: Get Marc (ISO 2709)
: E-mail record
: |
|
|
| LEADER 00000nam 2200000uu 4500 | |||
| 001 13399128794 | |||
| 003 BCNR | |||
| 008 260507s2567||||th 000 0 tha d | |||
| 020 ^a9786164220799 | |||
| 041 ^atha | |||
| 060 4 ^aWJ378^bP739 2567 | |||
| 245 00 ^aPocket dialysis /^cบัญชา สถิระพจน์, พามิลา ทรรศนะวิภาส, ปรมัตถ์ ธิมาไชย, เนาวนิตย์ นาทา และ อุปถัมภ์ ศุภสินธุ์, บรรณาธิการ | |||
| 250 ^aพิมพ์ครั้งที่ 4 | |||
| 260 ^aกรุงเทพฯ :^bโครงการตำราวิทยาลัยแพทยศาสตร์พระมงกุฎเกล้า,^c2567 | |||
| 300 ^a743 หน้า :^bภาพประกอบ, ตาราง ;^c20 ซม. | |||
| 505 0 ^aบทที่ 1 Acute kidney injury -- บทที่ 2 Chronic kidney disease -- บทที่ 3 Initiation of dialysis -- บทที่ 4 Dialysis in Thailand -- Hemodialysis -- บทที่ 5 Hemodialysis apparatus -- บทที่ 6 Dialyzer reuse -- บทที่ 7 Water purification for hemodialysis -- บทที่ 8 Vascular access for hemodialysis -- บทที่ 9 Catheter access for hemodialysis -- บทที่ 10 Acute hemodialysis prescription -- บทที่ 11 Adequacy of hemodialysis -- บทที่ 12 Anti-coagulants during hemodialysis -- บทที่ 13 Hemodiafiltration and hemofiltration -- บทที่ 14 Intensive hemodialysis -- บทที่ 15 Incremental hemodialysis -- บทที่ 16 Infectious control in dialysis -- บทที่ 17 Acute complications during hemodialysis -- บทที่ 18 Hypotension during dialysis -- บทที่ 19 Continuous renal replacement therapy -- บทที่ 20 Therapeutic plasmapheresis -- บทที่ 21 Drug prescribing in dialysis -- บทที่ 22 Dialysis and intoxication -- Clinical problem in dialysis -- บทที่ 23 Cardiovascular diseases in dialysis -- บทที่ 24 Hypertension in dialysis -- บทที่ 25 Anemia in dialysis -- บทที่ 26 Rheumatic problem in dialysis -- บทที่ 27 Neurological problem in dialysis -- บทที่ 28 Electrolyte disturbances in dialysis -- บทที่ 29 Mineral and bone disorders -- บทที่ 30 Nutrition in dialysis -- บทที่ 31 Intradialytic parenteral nutrition -- Special care in dialysis -- บทที่ 32 Pediatric hemodialysis -- บทที่ 33 Dialysis in the elderly -- บทที่ 34 Obstetrics and gynecologic in dialysis patients -- บทที่ 35 Nursing care in hemodialysis -- บทที่ 36 Conservative care in end stage kidney disease -- Peritoneal dialysis -- บทที่ 37 Physiology of peritoneal dialysis -- บทที่ 38 Acute peritoneal dialysis prescription -- บทที่ 39 Chronic peritoneal dialysis prescription -- บทที่ 40 Adequacy of peritoneal dialysis -- บทที่ 41 Automated peritoneal dialysis -- บทที่ 42 Exit-site and tunnel infection -- บทที่ 43 Peritoneal dialysis-related peritonitis -- บทที่ 44 Encapsulating peritoneal sclerosis -- บทที่ 45 Fluid overload and ultrafiltration failure -- บทที่ 46 Mechanical complication of peritoneal dialysis -- บทที่ 47 Metabolic complications of peritoneal dialysis | |||
| 650 4 ^aไต^xโรค | |||
| 650 2 ^aRenal Dialysis | |||
| 700 0 ^aบัญชา สถิระพจน์,^eบรรณาธิการ | |||
| 700 0 ^aพามิลา ทรรศนะวิภาส,^eบรรณาธิการ | |||
| 700 0 ^aปรมัตถ์ ธิมาไชย,^eบรรณาธิการ | |||
| 700 0 ^aเนาวนิตย์ นาทา,^eบรรณาธิการ | |||
| 700 0 ^aอุปถัมภ์ ศุภสินธุ์,^eบรรณาธิการ | |||
| 710 2 ^aโครงการตำราวิทยาลัยแพทยศาสตร์พระมงกุฎเกล้า | |||
| 999 ^aบรรณารักษ์ | |||
| คุณยังไม่ได้ล็อกอิน คุณสามารถมีกิจกรรมร่วมกับเว็บไซต์ได้ แต่ต้องล็อกอินก่อน :: |
|
| สถานะ | |||||||||
| 1. | หนังสือ | WJ378 P739 2567 c.1 Barcode: 087860 | ►หนังสือทั่วไป | On Shelf | |||||
| 2. | หนังสือ | WJ378 P739 2567 c.2 Barcode: 087861 | ►หนังสือทั่วไป | On Shelf | |||||
| 3. | หนังสือ | WJ378 P739 2567 c.3 Barcode: 087862 | ►หนังสือทั่วไป | On Shelf | |||||
| 4. | หนังสือ | WJ378 P739 2567 c.4 Barcode: 087863 | ►หนังสือทั่วไป | On Shelf | |||||
| 5. | หนังสือ | WJ378 P739 2567 c.5 Barcode: 087864 | ►หนังสือทั่วไป | On Shelf | |||||
| [แสดง 5/5 รายการ] | |||||||||
BibComment |
| คอมเมนท์ทรัพยากรรายการนี้ |
|
|